书目信息 |
| 题名: |
电子手表的修理
|
|
| 作者: | 小野茂 著 ;董正元 , 何世钝 译 | |
| 分册: | ||
| 出版信息: | 北京 中国财政经济出版社 1983 |
|
| 页数: | 179页 | |
| 开本: | 19cm | |
| 丛书名: | ||
| 单 册: | ||
| 中图分类: | TH714.9 | |
| 科图分类: | ||
| 主题词: | 计量仪器 | |
| 电子资源: | ||
| ISBN: | ||
| 000 | 00668nam0 2200229 45 | |
| 001 | 0405180911 | |
| 005 | 20061124090152.95 | |
| 010 | @dCNY0.56 | |
| 091 | @a15166.117 | |
| 100 | @a20040518d1983 km y0chiy0120 ea | |
| 101 | 0 | @achi@cjpn |
| 105 | @a z 000yy | |
| 200 | 1 | @a电子手表的修理@ADian Zi Shou Biao De Xiu Li@f(日)小野 茂著@F(Ri)Xiao Ye Mao Zhu@g董正元,何世钝译 |
| 210 | @a北京@c中国财政经济出版社@d1983 | |
| 215 | @a179页@c插图@d19cm | |
| 606 | 0 | @a计量仪器 |
| 690 | @aTH714.9@v3 | |
| 701 | 0 | @a小野茂@4著 |
| 702 | 0 | @a董正元@ADong Zheng Yuan@4译 |
| 702 | 0 | @a何世钝@AHe Shi Dun@4译 |
| 801 | @aCN@bTSTCL@c20061124 | |
| 905 | @f1@b148237@dTH714.9@e12 | |
| 电子手表的修理/(日)小野 茂著/董正元,何世钝译.-北京:中国财政经济出版社,1983 |
| 179页:插图;19cm |
| ISBN :CNY0.56 |
| ● |
| 相关链接 |
|
|
|
|
正题名:电子手表的修理
索取号:TH714.9/12
 
预约/预借
| 序号 | 登录号 | 条形码 | 馆藏地/架位号 | 状态 | 备注 |
| 1 | 0148237 | 001355465 | 第三借阅区/ [索取号:TH714.9/12] | 在馆 | |
| 2 | 0148238 | 202123157 | 第二样本阅览室/ [索取号:TH714.9/12] | 在馆 |